000 00495nam a2200145Ia 4500
005 20260224132821.0
022 _a2277-0046
050 _aHN831 .J68/
245 _aJournal of Arts and Contemporary Society
250 _aVol. 16, No. 1
260 _aPort-harcourt, Nigeria
_bCentre for Promotion of Educational and Scientific Research
_c2024
300 _a61 p. :ill. ; 28 cm.
650 _aNigeria--Social conditions--Periodicals Nigeria--Social life and customs--Periodicals
942 _cSR
_2lcc
999 _c37223
_d37223